00677nam a2200193 a 4500008004100000020002200041100002100063245010400084260004800188300003400236440004400270504004100314651006000355650002200415650001900437003000100456005001700457040000900474  a0521072727 (pbk.)1 aRobson, Brian T.10aUrban analysis :ba study of city structure with special reference to Sunderland /cby B.T. Robson. aLondon,bCambridge University Press,c1969. axii, 302 p. : maps. ;c24 cm. 0aCambridge geographical series ;vno. 1. aIncludes bibliographical references. 0aSunderland (Tyne and Wear, England)xSocial conditions. 0aCities and towns. 0aHuman ecology.20230123133118.0 cNUST